000 01415cam a2200277 4500500
005 20260208005100.0
041 _afre
042 _adc
100 1 0 _aUrbas, Joseph
_eauthor
245 0 0 _aIn Praise of Second-Rate French Philosophy: Reassessing Victor Cousin’s Contribution to Transcendentalism
260 _c2015.
500 _a75
520 _aEst-il possible qu’un philosophe français de second rang eût une influence décisive sur la formation du Transcendantalisme ? Perry Miller répondit par l’affirmative, dans sa présentation de la réception américaine de Victor Cousin. L’historiographie post-millerienne n’a pas été de cet avis et a donné, par voie de conséquence, une image déformée de la Nouvelle-Angleterre intellectuelle des années 1830. Il est temps de redonner à Cousin sa vraie place au centre des débats philosophiques de l’époque.
690 _aNouvelle Angleterre
690 _aPerry Miller
690 _aphilosophie
690 _atranscendantalisme
690 _aVictor Cousin
690 _aNew England
690 _aPerry Miller
690 _aphilosophy
690 _atranscendentalism
690 _aVictor Cousin
786 0 _nRevue française d’études américaines | 140 | 3 | 2015-06-10 | p. 37-51 | 0397-7870
856 4 1 _uhttps://shs.cairn.info/revue-francaise-d-etudes-americaines-2014-3-page-37?lang=en&redirect-ssocas=7080
999 _c1650493
_d1650493